[Event "Baden/Wuert-NordD"]
[Site "Germany"]
[Date "1987.??.??"]
[Round "2"]
[White "Gschnitzer, Oswald"]
[Black "Lieb, Harald"]
[Result "1-0"]
[WhiteElo "2300"]
[BlackElo "2305"]

1.d4 d5 2.c4 e6 3.Nf3 Nf6 4.Nc3 c6 5.e3 Nbd7 6.Bd3 dxc4 7.Bxc4 b5 8.Be2 a6
9.e4 b4 10.e5 bxc3 11.exf6 cxb2 12.fxg7 Bxg7 13.Bxb2 Qa5+ 14.Nd2 Rb8 15.Qc2 Nb6
16.O-O Qa4 17.Nb3 Nd5 18.Rac1 Bd7 19.Qd3 Nf4 20.Qxa6 Nxe2+ 21.Qxe2 Qb5 22.Qg4 Bf6
23.Rc5 Qd3 24.Qf4 Ke7 25.Ba3  1-0

[Event "Graz op"]
[Site "Graz"]
[Date "1987.??.??"]
[Round "3"]
[White "Averbakh, Yuri L"]
[Black "Guyot, Philippe"]
[Result "1/2-1/2"]
[WhiteElo "2465"]
[BlackElo "2295"]

1.c4 Nf6 2.Nc3 e6 3.Nf3 d5 4.d4 c6 5.e3 Nbd7 6.Qc2 Bd6 7.Be2 O-O 8.O-O Qe7
9.h3 dxc4 10.Bxc4 e5 11.a3 Bc7 12.Ba2 exd4 13.exd4 Qd6 14.Re1 Nb6 15.Ne4 Nxe4
16.Qxe4 Qg6 17.Qxg6 hxg6 18.Bd2 Bf5 19.Re3 Bd6 20.Ree1 Rfe8 21.Bb4 Bf4 22.g3 Bc7
23.Rac1 Rxe1+ 24.Rxe1 Nd5 25.Bxd5 cxd5 26.Re7 Rc8 27.g4 Bd3 28.Bc3 Kf8 29.Bb4 Kg8
30.Bc3 Kf8 31.Bb4  1/2-1/2

[Event "Graz op"]
[Site "Graz"]
[Date "1987.??.??"]
[Round "3"]
[White "Damljanovic, Branko"]
[Black "Ninov, Kiril"]
[Result "1/2-1/2"]
[WhiteElo "2500"]
[BlackElo "2425"]

1.Nf3 Nf6 2.c4 c6 3.d4 d5 4.Nc3 e6 5.e3 Nbd7 6.Bd3 dxc4 7.Bxc4 b5 8.Bb3 b4
9.Ne2 Bd6 10.e4 Nxe4 11.Qc2 Nef6 12.Qxc6 Qc7 13.Qxc7 Bxc7 14.Bf4 Bxf4 15.Nxf4 Bb7
16.Ke2 Ba6+ 17.Kd2 O-O 18.Rhc1 Rfd8 19.Rc7 Bb5 20.Rac1 Ne8 21.R7c2 Nd6 22.Ke1 a5
23.Rc7 Ne8 24.R7c2 Nd6 25.Rc7 Ne8 26.R7c2 Nd6  1/2-1/2

[Event "DSV-Turnier"]
[Site "Halle"]
[Date "1987.??.??"]
[Round "?"]
[White "Chekhov, Valery A"]
[Black "Haba, Petr"]
[Result "0-1"]
[WhiteElo "2505"]
[BlackElo "2440"]

1.d4 d5 2.c4 c6 3.Nc3 Nf6 4.e3 e6 5.Nf3 Nbd7 6.Bd3 dxc4 7.Bxc4 b5 8.Bd3 a6
9.e4 c5 10.d5 c4 11.Bc2 e5 12.O-O Bd6 13.Ne2 Nc5 14.Ng3 O-O 15.b3 a5 16.bxc4 b4
17.Bg5 h6 18.Be3 Qc7 19.Nh4 Re8 20.Nhf5 Bxf5 21.Nxf5 g6 22.Nxd6 Qxd6 23.f3 a4
24.Rb1 Reb8 25.Kh1 h5 26.Bxc5 Qxc5 27.Bxa4 Qxc4 28.Bb3 Qa6 29.Qd2 Qd6 30.Rfc1 Rc8
31.h3 h4 32.Qg5 Rc3 33.Qxh4 Rac8 34.Rd1 Kg7 35.Qf2 Nh5 36.g3 Qf6 37.Kg2 Qg5
38.h4 Nf4+ 39.Kf1 Qh5 40.g4 Qh6 41.d6 Rh8 42.d7 Qxh4 43.Qxh4 Rxh4 44.d8=Q Rxf3+
45.Ke1 Rh1+ 46.Kd2 Rh2+ 47.Ke1 Re2+  0-1

[Event "DSV-Turnier"]
[Site "Halle"]
[Date "1987.??.??"]
[Round "?"]
[White "Gelfand, Boris"]
[Black "Horvath, Csaba"]
[Result "1-0"]
[WhiteElo "2510"]
[BlackElo "2455"]

1.d4 d5 2.c4 c6 3.Nc3 Nf6 4.e3 e6 5.Nf3 Nbd7 6.Bd3 dxc4 7.Bxc4 b5 8.Bd3 a6
9.e4 c5 10.e5 cxd4 11.Nxb5 Ng4 12.Qa4 Rb8 13.Nd6+ Bxd6 14.exd6 Qb6 15.h3 Nf6
16.Qxd4 Qxd4 17.Nxd4 Rb6 18.Be2 O-O 19.b3 Rxd6 20.Nf3 Rb6 21.O-O Bb7 22.Nd2 Nd5
23.Nc4 Nc3 24.Bd3 Rb5 25.Ba3 Rg5 26.f3 Rb8 27.Bd6 Ra8 28.Rfc1 Nb5 29.Bf4 Rh5
30.Be3 Ne5 31.Be2 Nc6 32.f4 Rh6 33.Bf3 Rd8 34.Rd1 Nc3 35.Bxc6 Nxd1 36.Bxb7 Nxe3
37.Nxe3 a5 38.Bf3 Rf6 39.Nc4  1-0

[Event "Illinois"]
[Site "Illinois"]
[Date "1987.??.??"]
[Round "?"]
[White "Martinovsky, Eugene"]
[Black "Colias, Billy"]
[Result "1-0"]
[WhiteElo "2255"]
[BlackElo "2245"]

1.c4 c6 2.d4 d5 3.Nf3 e6 4.e3 Nf6 5.Nc3 Nbd7 6.b3 Bb4 7.Bd2 O-O 8.Bd3 Re8
9.O-O Qe7 10.Qc2 dxc4 11.Bxc4 b5 12.Bd3 e5 13.Ne4 Bxd2 14.Nxf6+ Nxf6 15.dxe5 Ng4
16.Qxd2 Bb7 17.Rac1 c5 18.e4 Red8 19.Qe2 a6 20.e6 fxe6 21.h3 Nh6 22.a4 bxa4
23.bxa4 Nf7 24.Rc3 Ng5 25.Rfc1 Nxf3+ 26.Qxf3 Rac8 27.Bc4 Rd4 28.Re1 Kh8 29.Qg4 Re8
30.f3 e5 31.Rb1 Red8 32.Qg3 Qd6 33.Kh2 Rd1 34.Rxd1 Qxd1 35.Bf7 Qd4 36.Rc4 Qd3
37.Rxc5 Rf8 38.Qxe5 Qd2 39.Bd5  1-0

[Event "Jakarta zt"]
[Site "Jakarta"]
[Date "1987.??.??"]
[Round "?"]
[White "Ardiansyah, Haji"]
[Black "Antonio, Rogelio Jr"]
[Result "1-0"]
[WhiteElo "2425"]
[BlackElo "2310"]

1.d4 d5 2.c4 c6 3.e3 Nf6 4.Nc3 e6 5.Nf3 Nbd7 6.Bd3 dxc4 7.Bxc4 b5 8.Bb3 a6
9.O-O Bb7 10.e4 c5 11.d5 c4 12.dxe6 fxe6 13.Bc2 Be7 14.Nd4 Qb6 15.Be3 Bc5
16.b4 Bxb4 17.Ndxb5 Qa5 18.Nd6+ Bxd6 19.Qxd6 Kf7 20.Rab1 Rab8 21.Ba4 Rhd8
22.Bxd7 Nxd7 23.Ba7 Ne5 24.Qb6 Qxc3 25.Bxb8 Rxb8 26.Qc7+ Kf6 27.Qxb8 Bxe4
28.Rbe1 Bf5 29.Qd8+ Kf7 30.Re3 Nd3 31.Rb1 h6 32.h3 Qf6 33.Rb7+ Kg6 34.Rg3+ Kh5
35.Qxf6 gxf6 36.Rc7 Nb2 37.Re3 e5  1-0

[Event "Jurmala"]
[Site "Jurmala"]
[Date "1987.??.??"]
[Round "?"]
[White "Razuvaev, Yuri S"]
[Black "Bagirov, Vladimir"]
[Result "1/2-1/2"]
[WhiteElo "2490"]
[BlackElo "2470"]

1.d4 d5 2.c4 c6 3.Nc3 Nf6 4.e3 e6 5.Nf3 Nbd7 6.Bd3 dxc4 7.Bxc4 b5 8.Bd3 Bb7
9.e4 b4 10.Na4 c5 11.e5 Nd5 12.O-O cxd4 13.Nxd4 g6 14.Qg4 Bg7 15.Bg5 Nxe5
16.Nxe6 Nxg4 17.Nxd8 h6 18.Bh4 g5 19.Nxb7 gxh4 20.Bc4 Nb6 21.Nxb6 axb6 22.Nd6+ Ke7
23.Nxf7 Rhe8 24.Rad1 Bxb2 25.Nd6 Red8 26.Nf5+ Kf6 27.Nxh4 Ne5 28.Bd5 Rac8
29.f4 Ng4 30.Rfe1 Re8 31.Rxe8 Rxe8 32.Nf3  1/2-1/2

[Event "Jurmala"]
[Site "Jurmala"]
[Date "1987.??.??"]
[Round "?"]
[White "Razuvaev, Yuri S"]
[Black "Shabalov, Alexander"]
[Result "1/2-1/2"]
[WhiteElo "2490"]
[BlackElo "2375"]

1.d4 d5 2.Nf3 Nf6 3.c4 c6 4.Nc3 e6 5.e3 Nbd7 6.Bd3 dxc4 7.Bxc4 b5 8.Bd3 Bb7
9.e4 b4 10.Na4 c5 11.e5 Nd5 12.O-O h6 13.a3 a6 14.Re1 Qc7 15.Bd2 g5 16.dxc5 bxa3
17.b4 Bg7 18.h3 Nxe5 19.Nxe5 Bxe5 20.Rxa3 Rd8 21.Qh5 Ke7  1/2-1/2

[Event "Kecskemet"]
[Site "Kecskemet"]
[Date "1987.??.??"]
[Round "?"]
[White "Yrjola, Jouni"]
[Black "Barbero, Gerardo F"]
[Result "0-1"]
[WhiteElo "2415"]
[BlackElo "2405"]

1.d4 d5 2.c4 e6 3.Nc3 c6 4.e3 Nf6 5.Nf3 Nbd7 6.Bd3 dxc4 7.Bxc4 b5 8.Bd3 Bb7
9.O-O a6 10.e4 c5 11.d5 c4 12.dxe6 fxe6 13.Bc2 Bc5 14.Qe2 e5 15.a4 b4 16.Nd5 b3
17.Bb1 Rc8 18.a5 Nxd5 19.exd5 Bxd5 20.Ng5 Nf6 21.Bxh7 Nxh7 22.Qxe5+ Be7 23.Rd1 Nf6
24.Bf4 Qd7 25.Rd2 O-O 26.Rad1 Rcd8 27.h3 Bb4 28.Rxd5 Nxd5 29.Ne6 Qf7 30.Nxd8 Rxd8
31.Bg5 Rd7 32.h4 Bxa5 33.Qe4 c3 34.bxc3 Bxc3 35.Qc4 b2 36.Qxa6 Ra7 37.Qc8+ Kh7
38.Qc4 Ra1  0-1

[Event "NOR-ch"]
[Site "Kristiansand"]
[Date "1987.??.??"]
[Round "?"]
[White "Grotnes, Nils"]
[Black "Tiller, Bjorn"]
[Result "1/2-1/2"]
[WhiteElo "2290"]
[BlackElo "2410"]

1.d4 d5 2.c4 c6 3.Nf3 Nf6 4.Nc3 e6 5.e3 Nbd7 6.Bd3 Bd6 7.O-O O-O 8.e4 dxc4
9.Bxc4 e5 10.Bg5 h6 11.Bh4 exd4 12.Qxd4 Qe7 13.Rad1 Bc7 14.Bg3 Bxg3 15.hxg3 Re8
16.Rfe1 Nc5  1/2-1/2

[Event "NOR-ch"]
[Site "Kristiansand"]
[Date "1987.??.??"]
[Round "?"]
[White "Tisdall, Jonathan D"]
[Black "Jansson, Joran"]
[Result "1/2-1/2"]
[WhiteElo "2450"]
[BlackElo "2270"]

1.d4 d5 2.Nf3 Nf6 3.c4 c6 4.Nc3 e6 5.e3 Nbd7 6.Bd3 Bd6 7.e4 dxe4 8.Nxe4 Nxe4
9.Bxe4 O-O 10.O-O e5 11.dxe5 Nxe5 12.Nxe5 Bxe5 13.Bxh7+ Kxh7 14.Qh5+ Kg8
15.Qxe5 Re8 16.Qf4 Qd3 17.b3 Re4 18.Qd2 Qxd2 19.Bxd2 a6 20.Rfe1 Rxe1+ 21.Rxe1 Be6
22.Ba5 b5 23.c5 Ra7 24.Rd1 Bd5 25.f3 Re7 26.Kf2 f6 27.Rd4 Re8 28.h4 Kf7 29.Bc3 Re7
30.Kg3 Re2 31.Rd2 Rxd2 32.Bxd2 Ke7 33.Kf4 Bg8 34.Ke4 Bh7+ 35.Kd4 Bb1 36.a3 Bg6
37.g4 Bc2 38.b4 Bd1 39.Ke4 Bc2+ 40.Kf4 Bd1 41.Ke4 Bc2+ 42.Kf4 Bd1 43.Bc3 Kf7  1/2-1/2

[Event "NOR-ch"]
[Site "Kristiansand"]
[Date "1987.??.??"]
[Round "?"]
[White "Bjerke, Richard"]
[Black "Tiller, Bjorn"]
[Result "1/2-1/2"]
[WhiteElo "2270"]
[BlackElo "2410"]

1.Nf3 Nf6 2.d4 d5 3.c4 c6 4.Nc3 e6 5.e3 Nbd7 6.Bd3 Bd6 7.e4 dxe4 8.Nxe4 Nxe4
9.Bxe4 e5 10.O-O exd4 11.Qxd4 Qf6 12.Be3 Qxd4 13.Bxd4 O-O 14.Rfe1 Bc5 15.Rad1  1/2-1/2

[Event "URS-FL"]
[Site "Kursk"]
[Date "1987.??.??"]
[Round "?"]
[White "Khasin, Alexander"]
[Black "Filipenko, Alexander V"]
[Result "1-0"]
[WhiteElo "2410"]
[BlackElo "2380"]

1.c4 c6 2.Nf3 d5 3.e3 Nf6 4.Nc3 e6 5.d4 Nbd7 6.Qc2 Bd6 7.Be2 O-O 8.O-O dxc4
9.Bxc4 e5 10.h3 Qe7 11.Re1 e4 12.Ng5 Nb6 13.Bb3 Bb4 14.f3 exf3 15.Nxf3 c5
16.a3 Bxc3 17.bxc3 c4 18.Ba2 Ne4 19.a4 Bd7 20.a5 Ba4 21.Qb2 Nd5 22.Bxc4 Ndxc3
23.Bd2 Rac8 24.Ne5 Nxd2 25.Qxd2 Ne4 26.Qd3 Bc6 27.a6 Nd6 28.Nxc6 Rxc6 29.Bd5 Rxa6
30.Rxa6 bxa6 31.Qxa6 g6 32.e4 Nf5 33.Qd3 Qb4 34.Rd1 Ne7 35.Ba2 Nc6 36.e5 Kg7
37.Bd5 Ne7 38.Be4 Qb6 39.Kh1 Qe6 40.Ra1 Nc8 41.Ra6 Qe7 42.Qc3 Nb6 43.Ra1 Rd8
44.Bf3 h5 45.Rd1 Rc8 46.Qe1 Rd8 47.d5 Nd7 48.e6 Nf6 49.Qe5 Rd6 50.Rf1 Kh6
51.Be4 Nxe4 52.Rxf7 Qh4 53.Rf8 Rd8 54.Rxd8 Nf2+ 55.Kg1 Nxh3+ 56.gxh3 Qxd8
57.e7 Qb6+ 58.Kg2  1-0

[Event "URS-FL"]
[Site "Kursk"]
[Date "1987.??.??"]
[Round "?"]
[White "Gleizerov, Evgeny"]
[Black "Sorokin, Maxim"]
[Result "1/2-1/2"]
[WhiteElo "2405"]
[BlackElo "2380"]

1.d4 d5 2.c4 c6 3.Nf3 Nf6 4.Nc3 e6 5.e3 a6 6.Qc2 Nbd7 7.e4 dxe4 8.Nxe4 Nxe4
9.Qxe4 c5 10.dxc5 Bxc5 11.Qc2 O-O 12.Bd3 Bb4+ 13.Bd2 Bxd2+ 14.Nxd2 g6 15.O-O Nc5
16.Be2 e5  1/2-1/2

[Event "Leningrad"]
[Site "Leningrad"]
[Date "1987.??.??"]
[Round "?"]
[White "Gurevich, Mikhail"]
[Black "Nogueiras, Jesus"]
[Result "1/2-1/2"]
[WhiteElo "2540"]
[BlackElo "2565"]

1.d4 d5 2.c4 e6 3.Nc3 Nf6 4.Nf3 c6 5.e3 Nbd7 6.Qc2 Bd6 7.Be2 O-O 8.O-O dxc4
9.Bxc4 e5 10.h3 Qe7 11.a3 a5 12.Bd2 Bb8 13.Rfd1 h6 14.Ba2 Re8 15.Nh4 Nf8
16.Nf5 Qc7 17.Ne4 Nxe4 18.Qxe4 Bxf5 19.Qxf5 exd4 20.g3 dxe3 21.Bxe3 Ba7 22.Bxa7 Rxa7
23.Rd4 b6 24.Rad1 Qe7 25.Rd6 Rc7 26.Qf3 Qe2 27.Qc3 Qh5 28.h4 Qb5 29.R6d2 a4
30.Qf3 Rce7 31.Kh2 Ng6 32.Qc3 Ne5 33.Kg2 Ng4 34.Qf3 h5 35.Bb1 g6 36.Bd3 Ne5
37.Bxb5 Nxf3 38.Kxf3 cxb5 39.Rd5 Re2 40.Rxb5 R8e6 41.Rd4 Rc2 42.Rf4 Ree2
43.Kg2 Rxb2 44.Rxb2 Rxb2 45.Rxa4  1/2-1/2

[Event "Leningrad"]
[Site "Leningrad"]
[Date "1987.??.??"]
[Round "?"]
[White "Tukmakov, Vladimir B"]
[Black "Nogueiras, Jesus"]
[Result "1/2-1/2"]
[WhiteElo "2575"]
[BlackElo "2565"]

1.d4 d5 2.c4 c6 3.Nf3 Nf6 4.Nc3 e6 5.e3 Nbd7 6.Bd3 dxc4 7.Bxc4 b5 8.Bd3 a6
9.e4 c5 10.d5 c4 11.dxe6 cxd3 12.exd7+ Qxd7 13.O-O Bb7 14.Bg5 Be7 15.e5 Ne4
16.Bxe7 Kxe7 17.Nxe4 Bxe4 18.Re1 Qd5 19.Nd2 Bg6 20.Qg4 Rhc8 21.h4 h5 22.Qb4+ Ke8
23.a4 a5 24.Qf4 Ra6 25.axb5 Qxb5 26.Ne4 Bxe4 27.Qxe4 Rac6 28.Red1 Rd8 29.Rxa5 Qxa5
30.Qxc6+ Ke7 31.Qf3 Qxe5 32.Rxd3 Rxd3 33.Qxd3 Qxb2 34.Qe3+ Kf8  1/2-1/2

[Event "London Peace"]
[Site "London"]
[Date "1987.??.??"]
[Round "?"]
[White "Dlugy, Maxim"]
[Black "Crouch, Colin S"]
[Result "1/2-1/2"]
[WhiteElo "2545"]
[BlackElo "2320"]

1.d4 d5 2.c4 e6 3.Nf3 Nf6 4.Nc3 c6 5.e3 Nbd7 6.Qc2 Bd6 7.Bd3 O-O 8.O-O e5
9.cxd5 cxd5 10.Nb5 Bb8 11.dxe5 Nxe5 12.Nxe5 Bxe5 13.Bd2 Bg4 14.Bc3 Bb8 15.Bxf6 Qxf6
16.Bxh7+ Kh8 17.Bd3 Rc8 18.Qa4 Bd7 19.Qb3 Bxh2+ 20.Kxh2 Qh4+ 21.Kg1 Rc6 22.g3 Qh5
23.Be2 Qxe2 24.Nd4 Qh5 25.Nxc6 Bxc6 26.Qd1 Qh3 27.Qd4 Kg8 28.Rad1 Re8 29.Qh4 Qf5
30.Rd4 Re6 31.Kg2 Rh6 32.g4 Qc2 33.Qg3 Qxb2 34.a4 Qe2 35.Qb8+ Kh7 36.Qf8 Rh4
37.Qc8 g6 38.g5 Rh5 39.Qg4 Qxg4+ 40.Rxg4 Bd7 41.Kg3 Bxg4 42.Kxg4 Kg7 43.Rb1 b6
44.Rc1  1/2-1/2

[Event "USA-op"]
[Site "Los Angeles"]
[Date "1987.??.??"]
[Round "3"]
[White "Rohde, Michael A"]
[Black "Ramayrat, Cris"]
[Result "1/2-1/2"]
[WhiteElo "2550"]
[BlackElo "2395"]

1.d4 d5 2.c4 c6 3.Nc3 Nf6 4.e3 e6 5.Nf3 Nbd7 6.Bd3 Bd6 7.O-O O-O 8.Qc2 e5
9.cxd5 cxd5 10.e4 exd4 11.Nxd5 Nxd5 12.exd5 h6 13.Nxd4 Qh4 14.Nf3 Qh5 15.Bh7+ Kh8
16.Qf5 Qxf5 17.Bxf5 Nf6 18.Bxc8 Rfxc8 19.Rd1 Rc5 20.Be3 Rxd5 21.Rxd5 Nxd5
22.Rd1 Nxe3 23.Rxd6 Ng4 24.h3 Nf6 25.Ne5 Kg8 26.g4 Rc8 27.Kg2 Kf8 28.Rd2 a6
29.f4 g5 30.Kf3 Rc1 31.Nd7+ Nxd7 32.Rxd7 Rf1+ 33.Ke2 Rxf4 34.Rxb7 h5 35.gxh5 Rh4
36.Kf3 Rxh5 37.Kg4 Rh4+ 38.Kxg5 Rxh3 39.Rb6 Rh2 40.a4 Ke7 41.b4 Rg2+ 42.Kf5 Rg6
43.Rb7+ Kd8 44.a5 Rc6 45.Rxf7 Rc4 46.Rb7 Kc8 47.Rb6 Kc7 48.Ke5 Rc6 49.Rxc6+ Kxc6
50.Kd4 Kb5 51.Kc3 Kc6 52.Kc4 Kd6  1/2-1/2

[Event "URS-FL"]
[Site "Lvov"]
[Date "1987.??.??"]
[Round "?"]
[White "Mikhalchishin, Adrian"]
[Black "Panchenko, Alexander N"]
[Result "1/2-1/2"]
[WhiteElo "2500"]
[BlackElo "2475"]

1.d4 Nf6 2.c4 e6 3.Nc3 d5 4.Nf3 c6 5.e3 Nbd7 6.Bd3 dxc4 7.Bxc4 b5 8.Bd3 a6
9.e4 c5 10.e5 cxd4 11.Nxb5 Nxe5 12.Nxe5 axb5 13.Bxb5+ Bd7 14.Nxd7 Qa5+ 15.Bd2 Qxb5
16.Nxf8 Rxf8 17.a4 Qe5+ 18.Qe2 Qxe2+ 19.Kxe2 e5 20.Rhc1 Kd7 21.b4 Rfc8 22.Rxc8 Rxc8
23.Kd3 Kd6 24.a5 Kd5 25.f3 Nd7 26.a6 Ra8 27.Ra5+ Kc6 28.f4 f6 29.fxe5 fxe5
30.Bg5 Kb6 31.Rd5 Kc6 32.Ra5 Kb6 33.Rd5 Kc6 34.Ke4 Nf6+ 35.Bxf6 gxf6 36.b5+ Kb6
37.Kf5 Re8 38.Kxf6 e4 39.Rxd4 e3 40.Rd1 Kxb5 41.Kf7 Ra8 42.Re1 Ra7+ 43.Kf8 Ra8+
44.Kg7 Rxa6 45.Rxe3 Rg6+ 46.Kxh7 Rxg2 47.h4 Rh2 48.Re4 Kc6 49.Kg6 Rg2+ 50.Kf6 Kd7
51.h5 Rf2+ 52.Kg5 Rg2+ 53.Kf5 Rf2+ 54.Kg5 Rg2+ 55.Kf5 Rf2+ 56.Kg4 Rg2+ 57.Kh3 Rg1
58.Re5 Rg8 59.Kh4 Re8 60.Ra5  1/2-1/2

[Event "URS-FL"]
[Site "Lvov"]
[Date "1987.??.??"]
[Round "?"]
[White "Chernin, Alexander"]
[Black "Malisauskas, Vidmantas"]
[Result "1/2-1/2"]
[WhiteElo "2580"]
[BlackElo "2325"]

1.d4 d5 2.Nf3 Nf6 3.c4 e6 4.Nc3 c6 5.e3 Nbd7 6.Bd3 dxc4 7.Bxc4 b5 8.Bd3 Bb7
9.e4 b4 10.Na4 c5 11.e5 Nd5 12.O-O cxd4 13.Nxd4 Nc7 14.Qe2 Be7 15.Rd1 O-O
16.Bf4 Nd5 17.Bg3 N7b6 18.Nxb6 Qxb6 19.Nb5 Ba6 20.Qe4 g6 21.Nd6 Bxd3 22.Rxd3 Bxd6
23.exd6 Rac8 24.Re1 Qb5 25.Rd4 Qd7 26.h4 Rfe8 27.h5 Nf6 28.Qh4 Nxh5 29.Be5 Rc6
30.g4 f6 31.gxh5 fxe5 32.Rg4 Rxd6 33.hxg6 h5 34.Qxh5 Qg7 35.Rxb4 Rf8 36.Rb3 Rd2
37.Re2 Rxe2 38.Qxe2 Qf6 39.Re3 Rc8 40.Qh5 Rc1+  1/2-1/2

[Event "URS-FL"]
[Site "Lvov"]
[Date "1987.??.??"]
[Round "?"]
[White "Janjgava, Lasha"]
[Black "Lputian, Smbat G"]
[Result "1/2-1/2"]
[WhiteElo "2410"]
[BlackElo "2540"]

1.d4 Nf6 2.c4 e6 3.Nf3 d5 4.Nc3 c6 5.e3 Nbd7 6.Qc2 Bd6 7.Be2 O-O 8.O-O dxc4
9.Bxc4 e5 10.h3 exd4 11.exd4 Nb6 12.Bb3 Nbd5 13.Bg5 Be7 14.Bxf6 Nxf6 15.Rfe1 Bb4
16.Re2 Qd6 17.Rae1 Bd7 18.Re5 Rae8 19.R1e3 Bxc3 20.bxc3 g6 21.Qb2 Nh5 22.c4 Rxe5
23.Nxe5 Be8 24.c5 Qd8 25.Nc4 Nf4 26.Nd6 Qg5 27.Rg3 Qe7 28.Kh2 Bd7 29.Qd2 Nd5
30.Bxd5 cxd5 31.Qf4 Be6 32.Rb3 b6 33.cxb6 axb6 34.Rxb6 Ra8 35.Nb5 Rxa2 36.Nc7 Rxf2
37.Nxe6 Qxe6  1/2-1/2

[Event "Medellin"]
[Site "Medellin"]
[Date "1987.??.??"]
[Round "?"]
[White "Garcia Gonzales, Guillermo"]
[Black "Alzate, Dario"]
[Result "1-0"]
[WhiteElo "2495"]
[BlackElo "2365"]

1.d4 d5 2.c4 c6 3.Nc3 Nf6 4.e3 e6 5.Nf3 Be7 6.Bd3 O-O 7.O-O dxc4 8.Bxc4 b5
9.Bd3 Bb7 10.a4 b4 11.Ne4 Nbd7 12.Ned2 c5 13.Qe2 cxd4 14.exd4 Nb8 15.Rd1 Bd5
16.Ne5 Nc6 17.Nxc6 Bxc6 18.Nc4 Qd5 19.f3 Rac8 20.Be3 Rfd8 21.Ne5 Bb7 22.a5 Qd6
23.Bf2 g6 24.Kh1 Bd5 25.Ba6 Rc7 26.Rdc1 Rb8 27.Nxg6 hxg6 28.Bg3 Rxc1+ 29.Rxc1 Qd8
30.Bxb8 Qxa5 31.Bxa7 b3 32.Bc5 Bd8 33.Bd6 Bb6 34.Be5 Kg7 35.Bc4 Bd8 36.Bxd5 exd5
37.g3 Kh7 38.Qe1 Qb5 39.Qf1 Qa4 40.Qh3+ Kg7 41.Qc8 Be7 42.g4  1-0

[Event "Moscow-B"]
[Site "Moscow"]
[Date "1987.??.??"]
[Round "?"]
[White "Foisor, Ovidiu"]
[Black "Sveshnikov, Evgeny"]
[Result "1/2-1/2"]
[WhiteElo "2495"]
[BlackElo "2535"]

1.d4 d5 2.c4 e6 3.Nc3 c6 4.e3 Nf6 5.Nf3 Nbd7 6.Qc2 Bd6 7.b3 O-O 8.Be2 Re8
9.O-O dxc4 10.bxc4 e5 11.Bb2 exd4 12.exd4 Nf8 13.h3 Ng6 14.Rfe1 Qc7 15.Bf1 Bd7
16.Qa4 b6 17.Qc2 Rad8 18.a4 a5 19.Bd3 Qc8 20.Ne4 Nxe4 21.Rxe4 Bxh3 22.gxh3 Qxh3
23.Rae1 Rxe4 24.Bxe4 Nf4 25.Ne5 Bxe5 26.dxe5 Rd3 27.Bc1 Qg4+ 28.Kf1 Qh3+
29.Kg1 Qg4+ 30.Kf1 Qh3+ 31.Kg1  1/2-1/2

[Event "Moscow-B"]
[Site "Moscow"]
[Date "1987.??.??"]
[Round "?"]
[White "Belov, Igor"]
[Black "Kaidanov, Grigory S"]
[Result "0-1"]
[WhiteElo "2405"]
[BlackElo "2420"]

1.Nf3 d5 2.d4 Nf6 3.c4 e6 4.Nc3 c6 5.e3 Nbd7 6.Bd3 dxc4 7.Bxc4 b5 8.Bd3 Bb7
9.e4 b4 10.Na4 c5 11.e5 Nd5 12.O-O cxd4 13.Re1 g6 14.Bg5 Qa5 15.Nxd4 Rc8
16.a3 Be7 17.Bh6 a6 18.Qb3 Qd8 19.Nf3 g5 20.Be4 g4 21.Nd2 Rg8 22.Nc4 Rxc4
23.Qxc4 Nxe5 24.Qe2 Bd6 25.Bd2 Nf3+ 26.Bxf3 gxf3 27.Qxf3 Qd7 28.Qd1 Rxg2+
29.Kf1 Rxh2 30.f3 e5  0-1

[Event "Netanya op"]
[Site "Netanya"]
[Date "1987.??.??"]
[Round "6"]
[White "Rechlis, Gad"]
[Black "Schoen, Wolfram"]
[Result "1/2-1/2"]
[WhiteElo "2445"]
[BlackElo "2440"]

1.d4 d5 2.c4 c6 3.Nf3 Nf6 4.Nc3 e6 5.e3 Nbd7 6.Bd3 dxc4 7.Bxc4 b5 8.Bd3 a6
9.e4 c5 10.e5 cxd4 11.Nxb5 Ng4 12.Qa4 Ngxe5 13.Nxe5 Nxe5 14.Nd6+ Ke7 15.Nxc8+ Rxc8
16.Bxa6 Ra8 17.Qb4+ Kf6 18.Qd2 Kg6 19.Bd3+ f5 20.O-O Bb4 21.Qxb4 Nxd3 22.Qc4 Nxc1
23.Qxe6+ Qf6 24.Qxf6+ Kxf6 25.Rfxc1 Rhb8 26.Rc2 d3 27.Rd2 Rc8 28.f4 Rc2 29.Rxc2 dxc2
30.Rc1 Rxa2 31.Rxc2 g5 32.fxg5+ Kxg5 33.Kf2 h5 34.Ke3 h4 35.h3 Ra1 36.Kd4 Kf4
37.Rc3 Rd1+ 38.Kc4 Rd2 39.b4 Rxg2 40.b5 Ke4 41.b6 f4 42.b7 Rg8 43.Kb5  1/2-1/2

[Event "New York op"]
[Site "New York"]
[Date "1987.??.??"]
[Round "?"]
[White "Gheorghiu, Florin"]
[Black "Schoen, Wolfram"]
[Result "1-0"]
[WhiteElo "2540"]
[BlackElo "2440"]

1.Nf3 d5 2.c4 c6 3.e3 Nf6 4.Nc3 e6 5.d4 Nbd7 6.Bd3 dxc4 7.Bxc4 b5 8.Bd3 a6
9.e4 c5 10.d5 c4 11.dxe6 fxe6 12.Bc2 Bb7 13.O-O Qc7 14.Qe2 Bd6 15.Ng5 Nc5
16.f4 e5 17.a4 b4 18.Nd5 Nxd5 19.exd5 O-O-O 20.Qxc4 h6 21.Nf7 Qxf7 22.fxe5 Qxd5
23.Qxd5 Bxd5 24.exd6 Rxd6 25.Be3 Nd7 26.Rfd1 Re8 27.Bf4 Rc6 28.Bf5 Be6 29.Rac1 Rxc1
30.Rxc1+ Kd8 31.Bd3 Bb3 32.Bxa6 Re4 33.Bc7+ Ke7 34.a5 Bd5 35.Bb5 Nf6 36.a6 Rd4
37.a7 Ne4 38.h3 h5 39.Kh2 b3 40.Bc6  1-0

[Event "New York op"]
[Site "New York"]
[Date "1987.??.??"]
[Round "?"]
[White "Polgar, Zsuzsa"]
[Black "Bisguier, Arthur Bernard"]
[Result "1/2-1/2"]
[WhiteElo "2495"]
[BlackElo "2420"]

1.d4 Nf6 2.c4 e6 3.Nf3 d5 4.Nc3 c6 5.e3 Nbd7 6.Bd3 Bd6 7.e4 dxe4 8.Nxe4 Nxe4
9.Bxe4 O-O 10.O-O h6 11.Bc2 e5 12.b3 Re8 13.Re1 exd4 14.Rxe8+ Qxe8 15.Qxd4 Bc5
16.Qc3 Qe7 17.Bb2 Nf6 18.Qd3 Qd6 19.Qxd6 Bxd6 20.Rd1 Be7 21.h3 Kf8 22.Kf1 c5
23.Nh4 Ne8 24.Nf5 Bf6 25.Ba3 b6 26.Be4 Rb8 27.Bc1 Be6 28.Ne3 Be5 29.Nd5 Nd6
30.Bc2  1/2-1/2

[Event "NLD-ch"]
[Site "?"]
[Date "1987.??.??"]
[Round "?"]
[White "Cardon, Helmut"]
[Black "Pieterse, Gert"]
[Result "1/2-1/2"]
[WhiteElo "2380"]
[BlackElo "2290"]

1.d4 d5 2.c4 e6 3.Nc3 c6 4.e3 Nf6 5.Nf3 a6 6.Qc2 Nbd7 7.b3 Bd6 8.Be2 O-O
9.O-O e5 10.cxd5 cxd5 11.dxe5 Nxe5 12.Bb2 Bg4 13.Nxe5 Bxe5 14.Bxg4 Nxg4 15.h3 Nf6
16.Rac1 Qe7 17.Ne2 Bxb2 18.Qxb2 Rad8 19.Rc2 Rd7 20.Rfc1 h6 21.Qd4 Rfd8 22.Nf4 Qe4
23.Ne2 Qf5 24.Qb6 Qe6 25.Qd4 Qf5 26.Qb6 Qe6 27.Qb4 Qd6 28.Qxd6 Rxd6 29.Nd4 g6
30.Kf1 Kf8 31.Ke2 Ke7 32.Kd3 Ne4 33.f3 Ng5 34.Rc7+ R6d7 35.h4 Ne6 36.Nxe6 fxe6
37.Kd4 Kd6 38.Rxd7+ Rxd7 39.f4 Rd8 40.g3 Re8 41.h5 e5+ 42.Kd3 Rg8 43.hxg6 Rxg6
44.Rh1 d4 45.exd4 Rxg3+ 46.Ke4 exf4 47.Rxh6+ Kc7 48.Kxf4 Rg2 49.a3 Re2 50.Rh3 Kd6
51.Re3 Ra2 52.a4 Kd5 53.Re7  1/2-1/2

[Event "NLD-ch"]
[Site "?"]
[Date "1987.??.??"]
[Round "?"]
[White "Cardon, Helmut"]
[Black "Van der Wiel, John TH"]
[Result "1/2-1/2"]
[WhiteElo "2380"]
[BlackElo "2590"]

1.d4 d5 2.c4 c6 3.Nf3 Nf6 4.Nc3 e6 5.e3 Nbd7 6.Qc2 Bd6 7.e4 dxe4 8.Nxe4 Nxe4
9.Qxe4 Bb4+ 10.Bd2 Bxd2+ 11.Nxd2 O-O 12.O-O-O c5 13.Nf3 Qa5 14.Bd3 Nf6 15.Qh4 b5
16.Ng5 g6 17.dxc5 bxc4 18.Bxc4 Qxc5 19.Kb1 Rb8 20.Qf4 Qf5+ 21.Qxf5 gxf5 22.f3 Bb7
23.Rd3 Bd5 24.Rc1 Rb4 25.Bxd5 Nxd5 26.g3 Rfb8 27.b3 h6 28.Nh3 a5 29.Kb2 a4
30.Ng1 axb3 31.Rxb3 h5 32.Ne2 h4 33.Nd4 R8b6 34.Nc6 Rxb3+  1/2-1/2

[Event "NLD-ch"]
[Site "?"]
[Date "1987.??.??"]
[Round "?"]
[White "Van der Sterren, Paul"]
[Black "Pieterse, Gert"]
[Result "1-0"]
[WhiteElo "2520"]
[BlackElo "2290"]

1.d4 d5 2.c4 e6 3.Nc3 c6 4.e3 Nf6 5.Nf3 a6 6.Qc2 Nbd7 7.b3 Bd6 8.Be2 O-O
9.O-O Qe7 10.e4 dxe4 11.Nxe4 Nxe4 12.Qxe4 e5 13.Bg5 f6 14.Bd3 g6 15.Bh6 Re8
16.c5 exd4 17.Bc4+ Kh8 18.Qxe7 Bxe7 19.Rfe1 Ne5 20.Nxe5 fxe5 21.Rxe5  1-0

[Event "NLD-chT"]
[Site "NLD"]
[Date "1987.??.??"]
[Round "?"]
[White "Van der Sterren, Paul"]
[Black "Riemersma, Liafbern"]
[Result "1-0"]
[WhiteElo "2520"]
[BlackElo "2395"]

1.d4 d5 2.c4 c6 3.Nc3 Nf6 4.e3 e6 5.Nf3 Nbd7 6.Bd3 dxc4 7.Bxc4 b5 8.Bd3 a6
9.e4 c5 10.e5 cxd4 11.Nxb5 axb5 12.exf6 Qb6 13.fxg7 Bxg7 14.O-O O-O 15.Re1 Bb7
16.Bf4 Bd5 17.Ne5 Nxe5 18.Bxe5 Bxe5 19.Rxe5 f6 20.Bxh7+ Kxh7 21.Rh5+ Kg7
22.Qg4+ Kf7 23.Rh7+ Ke8 24.Rc1 Bc4 25.b3 d3 26.bxc4 bxc4 27.Re1 Ra6 28.Qg6+ Kd8
29.Qg7 Qd6 30.Rxe6  1-0

[Event "URS-ch otbor"]
[Site "Norilsk"]
[Date "1987.??.??"]
[Round "?"]
[White "Piesina, Gintautas"]
[Black "Sveshnikov, Evgeny"]
[Result "1-0"]
[WhiteElo "2370"]
[BlackElo "2490"]

1.d4 d5 2.c4 e6 3.Nc3 c6 4.Nf3 Nf6 5.e3 Nbd7 6.Bd3 dxc4 7.Bxc4 b5 8.Bd3 Bb7
9.e4 b4 10.Na4 c5 11.e5 Nd5 12.dxc5 Bxc5 13.Nxc5 Nxc5 14.Bb5+ Kf8 15.O-O h6
16.Qd4 Qb6 17.Bc4 Nd7 18.Qg4 g6 19.Rd1 Rd8 20.h4 a5 21.b3 Qc7 22.Bxd5 Bxd5
23.Rxd5 exd5 24.Bb2 Qc2 25.Bd4 Ke7 26.Re1 Qf5 27.Qg3 Rhe8 28.Bb2 Nc5 29.Nd4 Qd3
30.Qf4 Ne6 31.Qf6+ Kd7 32.Qxf7+ Re7 33.Nxe6 Rxf7 34.Nc5+ Ke8 35.Nxd3 Rc7
36.Re2 g5 37.hxg5 hxg5 38.Kf1 Rdc8 39.Ke1 Kf7 40.Kd1 Ke6 41.Re3 g4 42.Re2 Rh8
43.g3 Rh1+ 44.Kd2 Rb1 45.Bd4 Rh7 46.Nf4+ Kf5 47.e6  1-0